La nueva contratación informática (Registro nro. 323913)

Detalles MARC
000 -ENCABEZADO
Número de control [NR] 00865nam a22002177a 4500
005 - FECHA Y HORA DE LA ÚLTIMA TRANSACCIÓN
control field 20240523134159.0
008 - DE LONGITUD FIJA DE DATOS DE ELEMENTOS - INFORMACIÓN GENERAL
Elementos de longitud fija [NR] 240222t ||||| |||| 00| 0 spa d
020 ## - NUMERO INTERNACIONAL NORMALIZADO PARA LIBROS [R]
Número Internacional Normalizado del libro [NR] 8484444597
040 ## - FUENTE DE CATALOGACION [NR]
Agencia de catalogación original [NR] CO-BoUCM
Quien Cataloga David Moreno
Quien Clasifica David Moreno
041 ## - CODIGO DE IDIOMA [R]
Código de idioma para texto/pista de sonido o título separado [R] Español
100 1# - ASIENTO PRINCIPAL--NOMBRE PERSONAL [NR]
Nombre personal [NR] Aparicio Vaquero, Juan Pablo
ID Autoridad 180044
245 13 - MENCION DE TITULO [NR]
Título [NR] La nueva contratación informática
Parte restante del título [NR] introducción al outsourcing de los sistemas de información
Mención de responsabilidad, etc. [NR] Juan Pablo Aparicio Vaquero
260 ## - PUBLICACION, DISTRIBUCION, ETC. (PIE DE IMPRENTA) [R]
Lugar de publicación, distribución, etc. [R] Granada, ES
Nombre del editor, distribuidor, etc. [R] Comares Editoria
Fecha de publicación, distribución, etc. [R] 2002
300 ## - DESCRIPCION FISICA [R]
Extensión [R] xv, 194 Paginas
490 ## - MENCION DE SERIE [R]
Mención de serie [R] Colección Derecho y nuevas tecnologías ; v 2
504 ## - NOTA DE BIBLIOGRAFIA, ETC. [R]
Nota de bibliografía, etc. [NR] Incluye referencias bibliográficas
650 17 - ASIENTO SECUNDARIO DE MATERIA - TERMINO TEMATICO [R]
Término temático o nombre geográfico como elemento de entrada [NR] Contratos informáticos
Subdivisión geográfica [R] España
9 (RLIN) 180045
650 17 - ASIENTO SECUNDARIO DE MATERIA - TERMINO TEMATICO [R]
Término temático o nombre geográfico como elemento de entrada [NR] Contratos de trabajo y mano de obra
Subdivisión geográfica [R] España
9 (RLIN) 180046
942 ## - ELEMENTOS DE ENTRADA AGREGADOS (KOHA)
Sistema de clasificación DEWEY
Tema principal Derecho
Tipo de ítem principal el descrito en 300a Libro
Edición 1
Clasificación 343.3
Parte restante de la signatura top. A639n
Título oculto en OPAC No
Existencias
Signatura topográfica Código de barras Última vez visto Ejemplar Costo de reposición Price effective from Tipo de ítem Perdido Sistema de clasificación Dañado No prestable Tipo de ítem específico Suprimido Ubicación habitual Ubicación actual Localización Fecha de creación Forma de adquisición
343.3 A639n 100172338 05/12/2025 Ej.1 26000.00 22/02/2024 Libro   DEWEY     Libro   Claustro Claustro 3er piso 22/02/2024 Donación